Statistics for Top 10 Most Populous U.S. Cities Starting With L

Click here to take the quiz!

General Stats

  • This quiz has been taken 43 times
  • The average score is 8 of 10

Answer Stats

StateAnswerPopulation% Correct
NevadaLas Vegas667 k
100%
CaliforniaLos Angeles3.7 M
100%
KentuckyLouisville617 k
95%
NebraskaLincoln294 k
93%
KentuckyLexington320 k
90%
ArkansasLittle Rock204 k
90%
CaliforniaLong Beach445 k
73%
TexasLaredo256 k
68%
TexasLubbock269 k
65%
CaliforniaLancaster167 k
20%

Score Distribution

Percentile by Number Answered

Percent of People with Each Score

Your Score History

You have not taken this quiz